000 01046nam a2200241 a 4500
001 000747979
003 AM-YeHGA
005 20250617143525.0
008 100701s2010 ai | |||||||||||||arm|d
020 _a9785808412675
040 _aAM-YeHGA
041 0 _aarm
100 1 _aԱվետիսյան, Աստղիկ Շամսի
245 1 0 _aՀեռուստատեսային ինքնագովազդի տիպաբանական առանձնահատկությունները /
_cԱ.Շ. Ավետիսյան; Առաջաբ. և խմբ.՝ Ա. Մարտիրոսյան; ԵՊՀ.
260 _aԵրևան :
_bԵՊՀ հրատ.,
_c2010.
300 _a22 էջ ;
_c20 սմ.
504 _aՄատենագիտ. տողատ. ծանոթ. և էջ՝ 21-22 հայ., ռուս. և անգլ.
650 1 4 _aՀեռուստատեսություն
650 1 4 _aՀեռուստատեսային լրագրություն
700 1 _aՄարտիրոսյան Անուշ
_eառաջաբ., խմբ.
_4aui
_4edt
710 2 _aԵրևանի պետական համալսարան
090 _c278006
999 _c276356
_d276356